Neznámé písně ze Zlaté ctností knihy : kritická edice /

Hlavní autor: Kadlinský, Felix, 1613-1675
Další autoři: Spee, Friedrich von, 1591-1635, Malý, František, 1956-
Jazyk: Čeština
Vydáno: Brno : Salve Regina, 2016
Témata:
Fyzický popis: 1 partitura (26 stran) ; 30 cm
Hudebniny Hudebniny
Uloženo v:
LEADER 03101ncm a2200589 i 4500
001 nkc20172882083
003 CZ PrNK
005 20210826145834.0
007 qu
008 170303s2016 xr sgl g nn cze
015 |a cnb002882083 
024 2 |a 979-0-706522-23-4  |q (brožováno) 
040 |a ABA001  |b cze  |e rda 
043 |a e-xr--- 
072 7 |a 783  |x Církevní hudba. Duchovní hudba. Náboženská hudba  |2 Konspekt  |9 9 
080 |a 783.6  |2 MRF 
080 |a 783  |2 MRF 
080 |a 78.089.6  |2 MRF 
100 1 |a Kadlinský, Felix,  |d 1613-1675  |7 jk01052480  |4 cmp  |4 lyr 
240 1 0 |a Zlatá ctností kniha.  |k Výběr 
245 1 0 |a Neznámé písně ze Zlaté ctností knihy :  |b kritická edice /  |c Felix Kadlinský ; k vydání připravil František Malý 
264 1 |a Brno :  |b Salve Regina,  |c 2016 
300 |a 1 partitura (26 stran) ;  |c 30 cm 
336 |a zápis hudby  |b ntm  |2 rdacontent 
337 |a bez média  |b n  |2 rdamedia 
338 |a svazek  |b nc  |2 rdacarrier 
382 0 1 |a zpěv  |n 1  |a basso continuo 
500 |a Z úvodu: "Melodie písní přebírá Kadlinský vždy ze Speerova originálu. Zda je autorem hudební složky Zdoroslavíčka a Zlaté ctností knihy sám Spee, není možné zatím určit" 
500 |a Ke každé melodické lince je více textů 
500 |a Basová linka není číslovaná 
505 0 0 |t Jednou's mne, světe zrádný ;  |t (Když jsem nedávno z rána) ;  |t (Když slzím bez přestání) --  |t Ó Venušiné pachole ;  |t (Když na tě, Jeruzaléme) --  |t Ó Bože, když dobrodiní ;  |t (V tvých rukou jsem, ó Bože můj) ;  |t (Ne tak, ne tak, ó mé srdce) ;  |t (Ouzkost s zármutkem spolčená) ;  |t (Pane, u tvé prchlivosti) --  |t Když tě na kříž přibitého --  |t Z hlubokosti mých těžkostí ;  |t (Ó Ježíši, jméno divné) ;  |t (Když slyším tvé, Bože, chvály) ;  |t (Až zazní zvučněji bubny) ;  |t (Hned jak se slunéčko z rána) ;  |t (Probuďte se, vy ptáčkové) --  |t Hledám ztracenou ovci ;  |t (Preč, světe, s tvou rozkoší) 
648 7 |a 17. století  |7 ch460555  |2 czenas 
650 0 7 |a duchovní hudba  |7 ph114372  |z Česko  |y 17. století  |2 czenas 
650 0 7 |a duchovní písně  |7 ph119634  |z Česko  |y 17. století  |2 czenas 
650 0 9 |a sacred music  |z Czechia  |y 17th century  |2 eczenas 
650 0 9 |a sacred songs  |z Czechia  |y 17th century  |2 eczenas 
655 7 |a duchovní hudba  |7 fd979823  |2 czenas 
655 7 |a duchovní písně  |7 fd994967  |2 czenas 
655 7 |a partitury  |7 fd185981  |2 czenas 
655 7 |a písňové texty  |7 fd133190  |2 czenas 
655 9 |a sacred music  |2 eczenas 
655 9 |a sacred songs  |2 eczenas 
655 9 |a scores  |2 eczenas 
655 9 |a song texts  |2 eczenas 
700 1 |a Spee, Friedrich von,  |d 1591-1635  |7 js20040107059  |4 cmp 
700 1 |a Malý, František,  |d 1956-  |7 jn20031217039  |4 edt 
910 2 |a BOA001  |b Mus4-1389.488 
990 |a MU 
995 |a 01 
925 |a zpěv, basso continuo  |b V, bc 
996 6 |b 2610712636  |c Mus4-1389.488  |l MZK  |r Sklad / do 1 hodiny  |n 0  |p p.v.  |w 001618431  |u 000010  |a 1  |e BOA001  |j MZK50  |s P 
996 7 |b 2610712637  |c Mus4-1389.488  |l MZK  |r Sklad / do 1 hodiny  |n 0  |p p.v.  |w 001618431  |u 000020  |a 1  |e BOA001  |j MZK50  |s A